[Event "N�-LL 2004/05"]
[Site "MyTown"]
[Date "2005.01.23"]
[Round "7"]
[White "Weissenbeck, Manuel"]
[Black "Mahdy, Khaled"]
[Result "1/2-1/2"]
[WhiteElo "2227"]
[BlackElo "2339"]
[Annotator "Waidhofen : Mauerbach"]
[PlyCount "49"]
[EventDate "2005.??.??"]

1. e4 e5 2. Nf3 Nc6 3. Nc3 Nf6 4. d4 exd4 5. Nxd4 Bb4 6. Nxc6 bxc6 7. Bd3 d5 8.
exd5 cxd5 9. Qe2+ Be7 10. Bg5 O-O 11. O-O h6 12. Rfe1 Be6 13. Bh4 c6 14. a3 Re8
15. h3 Nd7 16. Bxe7 Qxe7 17. Qf3 Qg5 18. b4 a5 19. Rab1 axb4 20. axb4 Ne5 21.
Qe3 Qxe3 22. Rxe3 Nxd3 23. Rxd3 Bf5 24. Rd2 Reb8 25. Rb2 1/2-1/2

[Event "N�-LL 2004/05"]
[Site "MyTown"]
[Date "2005.01.23"]
[Round "7"]
[White "Kropik, Martin"]
[Black "Penz, Harald"]
[Result "0-1"]
[WhiteElo "2076"]
[BlackElo "2269"]
[Annotator "Waidhofen : Mauerbach"]
[PlyCount "106"]
[EventDate "2005.??.??"]

1. d4 d5 2. c4 c5 3. cxd5 Qxd5 4. Nc3 Qxd4 5. Qxd4 cxd4 6. Nb5 Na6 7. Nf3 f6 8.
Nfxd4 e5 9. Nf3 Be6 10. Bd2 Kf7 11. e3 Nh6 (11... Nb4 12. Rc1) 12. Be2 Bb4 13.
Bxb4 Nxb4 14. O-O Rhd8 15. Nc7 Rac8 16. Nxe6 Kxe6 17. Rac1 Nf5 18. a3 Nc6 19.
Rfd1 e4 20. Nd2 Nd6 21. Nc4 Nxc4 22. Bxc4+ Ke5 23. Kf1 Rxd1+ 24. Rxd1 Rd8 25.
Rxd8 Nxd8 26. Ke2 f5 27. Kd2 g5 28. g3 Kd6 29. Kc3 Nc6 30. Bg8 h6 31. Bh7 Ke6
32. Bg8+ Kf6 33. Bd5 Ne5 34. Bxb7 Ng4 35. f3 exf3 36. Bxf3 Nxe3 (36... Nxh2 37.
Be2 Ke5) 37. Be2 Ke5 38. b4 Ke4 39. a4 f4 40. gxf4 gxf4 41. b5 f3 42. Bxf3+
Kxf3 43. Kd4 Nf5+ 44. Kc5 Ke4 45. a5 Nd4 46. a6 (46. b6 axb6+ 47. axb6 Ne6+ 48.
Kd6 Nd8 49. Kc7 Ne6+) 46... Nxb5 47. Kxb5 Kd5 48. h4 h5 49. Ka5 (49. Kb4 Kc6
50. Kc4 Kb6 51. Kd5 Kxa6 52. Kc6 Ka5 53. Kc5 a6 (53... Ka4 54. Kc4) 54. Kc4 Kb6
55. Kb4 Kc6 56. Ka5 Kd5 57. Kxa6 Ke4 58. Kb5 Kf4 59. Kc4 Kg3 60. Kd3 Kxh4 61.
Ke2 Kg3 62. Kf1) 49... Kc5 50. Ka4 Kb6 51. Kb4 Kxa6 52. Ka4 Kb6 53. Kb4 Kc6 0-1

[Event "N�-LL 2004/05"]
[Site "MyTown"]
[Date "2005.01.23"]
[Round "7"]
[White "Schorn, Christoph"]
[Black "Schumacher, Wilhelm"]
[Result "1-0"]
[WhiteElo "2152"]
[BlackElo "1907"]
[Annotator "Waidhofen : Mauerbach"]
[PlyCount "57"]
[EventDate "2005.??.??"]

1. e4 e5 2. f4 exf4 3. Nf3 d6 4. Bc4 h6 5. O-O g5 6. d4 Nc6 7. g3 Bh3 8. Re1
Bg7 9. c3 Nge7 10. gxf4 Qd7 11. fxg5 O-O-O 12. Bf4 Qg4+ 13. Bg3 h5 14. Nh4 Qxg5
15. Nd2 Rdf8 16. Ndf3 Qg4 17. Kh1 Rhg8 18. Ng1 Qxd1 19. Raxd1 Bg4 20. Rd2 Bh6
21. Rf2 Rg7 22. Kg2 Nd8 23. Nh3 Bxh3+ 24. Kxh3 Rfg8 25. Ref1 Ne6 26. Bxe6+ fxe6
27. Rf6 Bg5 28. Rxe6 Kd7 29. d5 1-0

[Event "N�-LL 2004/05"]
[Site "MyTown"]
[Date "2005.01.23"]
[Round "7"]
[White "G�bert, Kurt"]
[Black "Bechmann, Gerhard"]
[Result "1/2-1/2"]
[WhiteElo "1989"]
[BlackElo "2065"]
[Annotator "Waidhofen : Mauerbach"]
[PlyCount "84"]
[EventDate "2005.??.??"]

1. e4 g6 2. Nc3 Bg7 3. g3 c6 4. Bg2 e5 5. d3 Ne7 6. f4 d6 7. Nf3 O-O 8. O-O f5
9. fxe5 dxe5 10. Bg5 Nd7 11. exf5 gxf5 12. Qd2 Nc5 13. Rae1 Qd6 14. d4 Ne6 15.
dxe5 Qxd2 16. Bxd2 Ng6 17. Nd1 Bd7 18. Nf2 Rad8 19. Nd3 c5 20. b3 Bb5 21. Bg5
Rd7 22. c4 Bc6 23. Nf4 Nxg5 24. Nxg5 Bxe5 25. Nge6 Bd4+ 26. Nxd4 cxd4 27. Nd5
Kg7 28. Rd1 b5 29. Rxd4 bxc4 30. bxc4 Ne5 31. Rfd1 Rfd8 32. Ne3 Kf6 33. Rxd7
Rxd7 34. Rxd7 Bxd7 35. Bd5 Nd3 36. a3 Ke5 37. Nc2 a5 38. Kf1 Ba4 39. Ne3 f4 40.
gxf4+ Kxf4 41. Ke2 Nc1+ 42. Kd2 Nb3+ 1/2-1/2

[Event "N�-LL 2004/05"]
[Site "?"]
[Date "2005.01.23"]
[Round "7"]
[White "Gr�tz, Harald"]
[Black "Eibersberger, Manfred"]
[Result "1-0"]
[WhiteElo "2305"]
[BlackElo "2072"]
[Annotator "Baden : Stockerau"]
[PlyCount "73"]
[EventDate "2005.??.??"]

1. e4 c5 2. Nf3 g6 3. d4 cxd4 4. Nxd4 Bg7 5. c4 Nc6 6. Be3 Nf6 7. Nc3 Ng4 8.
Qxg4 Nxd4 9. Qd1 e5 10. Bd3 O-O 11. O-O b6 12. Qd2 Bb7 13. Rfd1 Qe7 14. Rac1
Rfd8 15. Bb1 Rac8 16. b3 Bc6 17. Ne2 Ne6 18. b4 Bf8 19. a3 d6 20. f3 Rc7 21.
Rc3 Rdc8 22. Bc2 Bb7 23. Bb3 Ba6 24. Rdc1 Bb7 25. Rd3 Ba6 26. Qa2 b5 27. Rdc3
bxc4 28. Bxc4 Bxc4 29. Rxc4 Rxc4 30. Rxc4 Rxc4 31. Qxc4 Qb7 32. Nc3 Nc7 33. b5
Be7 34. Nd5 Nxd5 35. Qxd5 Qb8 36. Qc6 Kg7 37. Qd7 1-0

[Event "N�-LL 2004/05"]
[Site "?"]
[Date "2005.01.23"]
[Round "7"]
[White "Sulyok, Michael"]
[Black "Hangweyrer, Manfred"]
[Result "0-1"]
[WhiteElo "2161"]
[BlackElo "2331"]
[Annotator "Baden : Stockerau"]
[PlyCount "104"]
[EventDate "2005.??.??"]

1. c4 Nf6 2. Nc3 c5 3. Nf3 e6 4. g3 d5 5. cxd5 exd5 6. d4 Nc6 7. Bg2 Bg4 8. Bg5
cxd4 9. Nxd4 Be7 10. O-O O-O 11. Rc1 Re8 12. Qa4 Bd7 13. Rfd1 a6 14. Qb3 h6 15.
Be3 Na5 16. Qc2 Rc8 17. Nf5 Bb4 18. Qb1 Bxc3 19. Rxc3 Rxc3 20. bxc3 Nc4 21.
Bxd5 Bxf5 22. Qxf5 Nxe3 23. fxe3 Qb6 24. Rd4 Qb2 25. Qd3 Nxd5 26. Rxd5 Qxa2 27.
c4 Qa1+ 28. Kg2 Qf6 29. Rd7 Qc6+ 30. Qd5 Rxe3 31. Rxb7 Rxe2+ 32. Kf1 Qe8 33.
Rb8 Qxb8 34. Kxe2 Qb2+ 35. Ke3 Qxh2 36. Qa8+ Kh7 37. Qe4+ g6 38. Qf4 Qg1+ 39.
Kd3 Qd1+ 40. Ke4 Qd7 41. c5 Kg7 42. Qe5+ Kf8 43. Qh8+ Ke7 44. Qxh6 Ke6 45. Qg5
Qa4+ 46. Kd3 a5 47. Qe3+ Kd7 48. Qe5 Qb3+ 49. Kd2 Qe6 50. Qd4+ Kc7 51. Kc3 f6
52. Kd3 Qd7 0-1

[Event "N�-LL 2004/05"]
[Site "?"]
[Date "2005.01.23"]
[Round "7"]
[White "Batyte, Daiva"]
[Black "Zojer, Thomas"]
[Result "1/2-1/2"]
[WhiteElo "2180"]
[BlackElo "1982"]
[Annotator "Baden : Stockerau"]
[PlyCount "152"]
[EventDate "2005.??.??"]

1. e4 c5 2. Nf3 Nc6 3. c3 d5 4. exd5 Qxd5 5. d4 Bg4 6. Be2 e6 7. O-O Nf6 8. Be3
cxd4 9. cxd4 Be7 10. Nc3 Qd8 11. Ne5 Bxe2 12. Qxe2 Rc8 13. Rad1 O-O 14. Kh1 Nd5
15. f4 Ncb4 16. f5 Rxc3 17. bxc3 Nxc3 18. Qh5 Nxd1 19. Qxd1 Nd5 20. Bd2 Bf6 21.
fxe6 fxe6 22. Re1 Bxe5 23. Rxe5 Qf6 24. h3 Qf1+ 25. Qxf1 Rxf1+ 26. Kh2 Rf2 27.
Bg5 Kf7 28. a3 Ra2 29. Bc1 Rc2 30. Re1 Ne7 31. Bf4 Nf5 32. Rb1 b6 33. Bb8 Ra2
34. Bxa7 Rxa3 35. Bxb6 Ra4 36. Rd1 Ne3 37. Rd3 Nf5 38. Bc5 Ra2 39. Rf3 Ke8 40.
Kg1 Ra1+ 41. Kf2 Ra2+ 42. Kg1 Ra1+ 43. Kh2 Ra2 44. Rf4 Rc2 45. Rf1 Rd2 46. Kg1
Rb2 47. g4 Ne7 48. h4 Rb3 49. Kg2 Ng6 50. h5 Ne7 51. Rf2 g6 52. Rf6 Re3 53. d5
Re4 54. d6 Nd5 55. Rf8+ Kd7 56. Rf7+ Kd8 57. Kf3 Rc4 58. Bf2 gxh5 59. Bh4+ Ke8
60. Rxh7 hxg4+ 61. Ke2 Nf4+ 62. Ke3 Ng2+ 63. Kd3 Nxh4 64. Kxc4 Nf5 65. Kc5 g3
66. Ra7 g2 67. Ra1 Kd7 68. Ra7+ Ke8 69. Ra1 Kd7 70. Rd1 e5 71. Rg1 Nxd6 72.
Rxg2 Ne4+ 73. Kd5 Nc3+ 74. Kxe5 Nb5 75. Rc2 Nc7 76. Rc5 Ne6 1/2-1/2

[Event "N�-LL 2004/05"]
[Site "?"]
[Date "2005.01.23"]
[Round "7"]
[White "Szvetits, Rene"]
[Black "Schmid, Thomas"]
[Result "1/2-1/2"]
[WhiteElo "1994"]
[BlackElo "2152"]
[Annotator "Baden : Stockerau"]
[PlyCount "73"]
[EventDate "2005.??.??"]

1. e4 c5 2. Nc3 e6 3. g3 d5 4. exd5 exd5 5. d4 cxd4 6. Qxd4 Nf6 7. Bg2 Nc6 8.
Qa4 Bb4 9. Nge2 O-O 10. O-O Be6 11. a3 Bxc3 12. Nxc3 d4 13. Ne2 Bd5 14. Bg5
Bxg2 15. Bxf6 Qxf6 16. Kxg2 Rad8 17. Nf4 Qf5 18. Nd3 b5 19. Qb3 Na5 20. Qb4 Nc4
21. a4 Rb8 22. axb5 Qd5+ 23. Kg1 Rxb5 24. Qe1 Nxb2 25. Rxa7 Nxd3 26. cxd3 Rb3
27. Qe4 Qxe4 28. dxe4 Rd8 29. Rd1 h6 30. Ra2 g5 31. Rad2 Rb4 32. Kg2 Kg7 33. f4
d3 34. fxg5 hxg5 35. Rxd3 Rxd3 36. Rxd3 Rxe4 37. Kf3 1/2-1/2

[Event "N�-LL 2004/05"]
[Site ".Mab"]
[Date "2005.02.20"]
[Round "8"]
[White "Penz, Harald"]
[Black "Lehner, Oliver"]
[Result "1/2-1/2"]
[WhiteElo "2269"]
[BlackElo "2414"]
[Annotator "Mauerbach : St.P�lten"]
[PlyCount "55"]
[EventDate "2005.??.??"]

1. e4 c5 2. Nf3 d6 3. c3 Nf6 4. Be2 g6 5. O-O Bg7 6. Re1 O-O 7. Bf1 Nc6 8. g3
e5 9. Bg2 d5 10. exd5 Nxd5 11. d3 Bf5 12. Ng5 Qd7 13. Ne4 b6 14. Na3 Rad8 15.
Qa4 Nde7 16. Bf1 f6 17. Nc4 Kh8 18. f4 Bg4 19. Nf2 Be6 20. fxe5 fxe5 21. Nd2
Bd5 22. Nde4 Nd4 23. Qxd7 Nf3+ 24. Kh1 Rxd7 25. Rd1 Nh4 26. Kg1 Nhf5 27. Re1
Nc6 28. Bg2 1/2-1/2

[Event "N�-LL 2004/05"]
[Site ".Mab"]
[Date "2005.02.20"]
[Round "8"]
[White "R�hrl, Karl"]
[Black "Bechmann, Gerhard"]
[Result "1-0"]
[WhiteElo "2225"]
[BlackElo "2065"]
[Annotator "Mauerbach : St.P�lten"]
[PlyCount "25"]
[EventDate "2005.??.??"]

1. e4 e5 2. Nf3 d6 3. d4 exd4 4. Nxd4 Nc6 5. Nc3 Nf6 6. Be2 Be7 7. O-O O-O 8.
f4 d5 9. Nxc6 bxc6 10. e5 Nd7 11. Be3 f5 12. Nxd5 Nxe5 13. Nxe7+ 1-0

[Event "N�-LL 2004/05"]
[Site "?"]
[Date "2005.02.20"]
[Round "8"]
[White "Heimberger, Reinhard"]
[Black "Sulyok, Michael"]
[Result "1/2-1/2"]
[WhiteElo "2284"]
[BlackElo "2161"]
[Annotator "Baden : B�hlerwerk"]
[PlyCount "103"]
[EventDate "2005.??.??"]

1. d4 d6 2. g3 f5 3. Bg2 Nf6 4. Nf3 g6 5. O-O Bg7 6. b3 O-O 7. Bb2 Qe8 8. Nbd2
Nc6 9. Nc4 b5 10. Na3 Rb8 11. d5 Nd8 12. c4 bxc4 13. Nxc4 Bb7 14. Ng5 h6 15.
Nh3 Qf7 16. Bxf6 Bxf6 17. Rc1 e6 18. dxe6 Nxe6 19. Bxb7 Rxb7 20. Qd5 Rfb8 21.
Nf4 Nxf4 22. Qxf7+ Kxf7 23. gxf4 Rb5 24. Na3 Ra5 25. Rxc7+ Ke6 26. Nc4 Rxa2 27.
Rd1 Be7 28. Rd3 Rxe2 29. Kf1 Re4 30. Nd2 Bd8 31. Rc6 Rxf4 32. Rcxd6+ Ke7 33.
Rxg6 Bb6 34. f3 Rh4 35. Kg2 Kf7 36. Rdd6 Rd8 37. Rgf6+ Kg7 38. Nc4 Rxd6 39.
Rxd6 Rd4 40. Ne3 Rxd6 41. Nxf5+ Kf6 42. Nxd6 Kg5 43. Kg3 Be3 44. h4+ Kg6 45. f4
Bd2 46. Nb5 Be1+ 47. Kh3 a5 48. Nd4 Bf2 49. Nc6 Be1 50. Kg4 h5+ 51. Kf3 Kf5 52.
Nd4+ 1/2-1/2

[Event "N�-LL 2004/05"]
[Site "?"]
[Date "2005.??.??"]
[Round "8"]
[White "Zojer, Stefan"]
[Black "Stadler, Peter"]
[Result "0-1"]
[WhiteElo "1986"]
[BlackElo "2141"]
[Annotator "Baden : B�hlerwerk"]
[PlyCount "70"]
[EventDate "2005.??.??"]

1. d4 Nf6 2. c4 g6 3. Nc3 d5 4. cxd5 Nxd5 5. e4 Nxc3 6. bxc3 Bg7 7. Bc4 O-O 8.
Ne2 c5 9. Be3 Nc6 10. O-O Qc7 11. Rc1 Rd8 12. f4 Na5 13. Bd3 f5 14. exf5 Bxf5
15. Bxf5 gxf5 16. Ng3 e6 17. Nh5 Bh8 18. g4 Qf7 19. Ng3 cxd4 20. cxd4 Nc6 21.
gxf5 exf5 22. Qc2 Rd5 23. Qg2 Kf8 24. Rc5 Rad8 25. Rfc1 Bxd4 26. Bxd4 Nxd4 27.
Rc7 Qe6 28. Ne4 Nf3+ 29. Qxf3 fxe4 30. Qa3+ Ke8 31. Qa4+ b5 32. Qxa7 Qg4+ 33.
Kf1 Rd1+ 34. Rxd1 Rxd1+ 35. Kf2 Qf3# 0-1

[Event "N�-LL 2004/05"]
[Site "?"]
[Date "2005.02.20"]
[Round "8"]
[White "Eberl, Hans-Christian"]
[Black "Filip, Daniel"]
[Result "0-1"]
[WhiteElo "2010"]
[BlackElo "1947"]
[Annotator "Baden : B�hlerwerk"]
[PlyCount "68"]
[EventDate "2005.??.??"]

1. e4 e6 2. Nf3 d5 3. e5 c5 4. b4 cxb4 5. a3 Nc6 6. axb4 Bxb4 7. c3 Be7 8. d4
Nh6 9. Bxh6 gxh6 10. Bd3 Bd7 11. Qd2 Bf8 12. O-O a6 13. Qa2 Rc8 14. Nbd2 Be7
15. Ne1 Na7 16. c4 dxc4 17. Bxc4 Bb5 18. Nef3 Bxc4 19. Nxc4 Nb5 20. Rac1 O-O
21. Rfd1 Rc6 22. Qb3 Qc7 23. Qd3 Na3 24. Nfd2 b5 25. Ne4 Rxc4 26. Ra1 Nc2 27.
Rac1 Nb4 28. Qg3+ Kh8 29. Rxc4 bxc4 30. Qf4 f5 31. Qxh6 fxe4 32. Qxe6 c3 33. d5
Qc5 34. Rf1 Nxd5 0-1

[Event "N�-LL 2004/05"]
[Site "?"]
[Date "2005.02.20"]
[Round "8"]
[White "Zojer, Thomas"]
[Black "Strobel, Ferdinand"]
[Result "1-0"]
[WhiteElo "1982"]
[BlackElo "2028"]
[Annotator "Baden : B�hlerwerk"]
[PlyCount "59"]
[EventDate "2005.??.??"]

1. d4 f5 2. g3 Nf6 3. Bg2 g6 4. Nf3 Bg7 5. O-O O-O 6. c4 d6 7. Nc3 Nc6 8. d5
Ne5 9. Nxe5 dxe5 10. Qb3 Kh8 11. Rd1 Nd7 12. Qc2 a5 13. Rb1 Nc5 14. b3 f4 15.
Ne4 Bf5 16. g4 Nxe4 17. gxf5 gxf5 18. Bxe4 fxe4 19. Qxe4 Qd6 20. Kh1 Qg6 21.
Qxg6 hxg6 22. Ba3 Bf6 23. c5 Rfd8 24. Rbc1 a4 25. b4 Kg7 26. Bb2 Kf7 27. Kg2
Rh8 28. d6 exd6 29. cxd6 c6 30. b5 {Zeit} 1-0

[Event "N�-LL 2004/05"]
[Site "?"]
[Date "2005.02.20"]
[Round "8"]
[White "Mahdy, Khaled"]
[Black "Schroll, Gerhard"]
[Result "1/2-1/2"]
[WhiteElo "2339"]
[BlackElo "2365"]
[Annotator "Wr.Neustadt : Waidhofen"]
[PlyCount "51"]

1. e4 e5 2. Nf3 Nf6 3. Nxe5 d6 4. Nf3 Nxe4 5. Nc3 Nxc3 6. dxc3 Be7 7. Bf4 Nd7
8. Qd2 Nc5 9. O-O-O Bg4 10. Be2 O-O 11. h3 Bxf3 12. Bxf3 Ne6 13. Be3 c6 14. c4
Qc7 15. Kb1 Rad8 16. h4 Rfe8 17. Bg4 d5 18. Bxe6 fxe6 19. Qe2 Bf6 20. Bg5 Qf7
21. Rd3 dxc4 22. Rxd8 Bxd8 23. Bxd8 Rxd8 24. Qxc4 Qxf2 25. Qxe6+ Qf7 26. Qe2
1/2-1/2

[Event "N�-LL 2004/05"]
[Site "?"]
[Date "2005.02.20"]
[Round "8"]
[White "Lucaci, Marius"]
[Black "Svanda, Pavel"]
[Result "1/2-1/2"]
[WhiteElo "2153"]
[BlackElo "2277"]
[Annotator "Wr.Neustadt : Waidhofen"]
[PlyCount "91"]

1. e4 c5 2. Nf3 d6 3. d4 cxd4 4. Nxd4 Nf6 5. Nc3 e6 6. Be3 Be7 7. Be2 a6 8. a4
Nc6 9. O-O Qc7 10. f4 Bd7 11. Qe1 O-O 12. Rd1 Nxd4 13. Bxd4 Bc6 14. Qg3 g6 15.
Bf3 Nd7 16. Kh1 e5 17. fxe5 Nxe5 18. Be2 Rab8 19. Rf5 b5 20. axb5 axb5 21. Rxe5
dxe5 22. Bxe5 Qb7 23. Bxb8 Rxb8 24. Nd5 Bd8 25. Qd6 Bxd5 26. Rxd5 Be7 27. Qe5
Qa7 28. h3 b4 29. Ra5 Bf6 30. Rxa7 Bxe5 31. b3 Kg7 32. Bc4 Rf8 33. Rb7 Bc3 34.
Kg1 Kf6 35. Kf2 h5 36. Ke3 g5 37. Rd7 h4 38. Kf3 Kg6 39. Bd3 Be5 40. Kg4 Rc8
41. Bc4 Rc7 42. Rd8 Rc6 43. Rg8+ Bg7 44. Bd3 Kh6 45. g3 hxg3 46. Kxg3 1/2-1/2

[Event "N�-LL 2004/05"]
[Site "?"]
[Date "2005.02.20"]
[Round "8"]
[White "Kropik, Martin"]
[Black "Wiedner, Robert"]
[Result "0-1"]
[WhiteElo "2076"]
[BlackElo "2147"]
[Annotator "Wr.Neustadt : Waidhofen"]
[PlyCount "120"]

1. d4 Nf6 2. c4 e6 3. Bg5 h6 4. Bh4 Bb4+ 5. Nc3 c5 6. d5 e5 7. Qc2 d6 8. e4
Bxc3+ 9. bxc3 Nbd7 10. Bd3 Nf8 11. f3 g5 12. Bf2 Ng6 13. Rb1 Qe7 14. a4 h5 15.
Be3 Nd7 16. Rb2 h4 17. Nh3 Nf4 18. Nxf4 exf4 19. Bf2 Ne5 20. h3 Kf8 21. Qe2 Kg7
22. O-O Qc7 23. Rfb1 Rb8 24. Be1 Bd7 25. a5 Qxa5 26. Ra2 Qc7 27. Rxa7 Qc8 28.
Kh2 b6 29. Bc2 Rb7 30. Ra6 Qc7 31. Ba4 Bxa4 32. Rxa4 Ra7 33. Qc2 Rha8 34. Rba1
Nxc4 35. Rxa7 Rxa7 36. Rxa7 Qxa7 37. Qb3 Qa6 38. Bf2 Ne5 39. Qb2 Kg6 40. Kg1 f6
41. Kh2 b5 42. Be1 Qa4 43. Qb1 Kf7 44. Bd2 Ke7 45. Be1 Kd7 46. Bd2 Kc7 47. Be1
Kb6 48. Bd2 Qa3 49. Be1 Ka5 50. Qc2 Qa1 51. Bf2 Kb6 52. Bg1 Nc4 53. e5 fxe5 54.
Qf5 Qxc3 55. Qxg5 Ka5 56. Qxh4 b4 57. Qd8+ Ka4 58. Qa8+ Kb3 59. h4 Qe1 60. Qd8
Qg3+ 0-1

[Event "N�-LL 2004/05"]
[Site "?"]
[Date "2005.02.20"]
[Round "8"]
[White "Todor, Razvan"]
[Black "Rosenauer, Harald"]
[Result "1-0"]
[WhiteElo "2133"]
[BlackElo "1992"]
[Annotator "Wr.Neustadt : Waidhofen"]
[PlyCount "83"]

1. e4 Nf6 2. Nc3 c6 3. d4 d6 4. Nf3 g6 5. Be3 Bg7 6. Qd2 b5 7. Bd3 Ng4 8. Bg5
h6 9. Bh4 O-O 10. h3 Nf6 11. e5 dxe5 12. dxe5 Nd5 13. Be4 Nxc3 14. Qxc3 Qc7 15.
a4 b4 16. Qxb4 Bxe5 17. Nxe5 Qxe5 18. Bg3 Qe6 19. O-O a5 20. Qd4 Na6 21. Rfe1
Nb4 22. c3 Nd5 23. Bf3 Qf6 24. Be5 Qg5 25. h4 Qf5 26. Bg7 Re8 27. Bxh6 e5 28.
Qc5 Bb7 29. Qc4 Nf6 30. Qc5 Nd5 31. Bg5 Nf4 32. Bxf4 Qxf4 33. h5 g5 34. Re4 Qd2
35. Re2 Qf4 36. Rae1 f6 37. Be4 f5 38. Bc2 e4 39. Bb3+ Kg7 40. f3 Re5 41. Qd6
Rae8 42. Qg6+ 1-0

[Event "N� LL 2004/05"]
[Site "?"]
[Date "2005.02.20"]
[Round "8"]
[White "Mozny, Milos"]
[Black "Gr�tz, Harald"]
[Result "1-0"]
[WhiteElo "2376"]
[BlackElo "2305"]
[Annotator "Stockerau : Krems"]
[PlyCount "77"]

1. d4 d5 2. Nf3 Nf6 3. c4 c6 4. cxd5 cxd5 5. Nc3 Nc6 6. Bf4 Bf5 7. e3 e6 8. Ne5
Nxe5 9. dxe5 Nd7 10. e4 Bxe4 11. Nxe4 dxe4 12. Qa4 a6 13. Rd1 Be7 14. Be2 Rc8
15. O-O Rc6 16. Qxe4 Qc7 17. Bf3 Nb6 18. Qd3 Rc5 19. Be3 Rb5 20. b3 Nd5 21. Rc1
Qb8 22. a4 Nxe3 23. axb5 Nxf1 24. bxa6 O-O 25. axb7 Nxh2 26. Kxh2 Qxe5+ 27. g3
g6 28. Rc8 Bd6 29. Rc6 Bb8 30. Qd7 h5 31. Qe7 Kg7 32. Rc8 Qd6 33. Rxf8 Qxe7 34.
Rxb8 Qf6 35. Kg2 h4 36. Rg8+ Kxg8 37. b8=Q+ Kg7 38. gxh4 Qxh4 39. Qe5+ 1-0

[Event "N� LL 2004/05"]
[Site "?"]
[Date "2005.02.20"]
[Round "8"]
[White "Hangweyrer, Manfred"]
[Black "W�ber, Friedrich"]
[Result "1-0"]
[WhiteElo "2331"]
[BlackElo "2189"]
[Annotator "Stockerau : Krems"]
[PlyCount "141"]

1. Nf3 Nf6 2. g3 g6 3. Bg2 Bg7 4. c4 c6 5. O-O O-O 6. d4 d5 7. cxd5 cxd5 8. Ne5
Ng4 9. Nxg4 Bxg4 10. Nc3 Nc6 11. h3 Be6 12. e3 Qd7 13. Kh2 f5 14. Bd2 Bf7 15.
Ne2 g5 16. Ng1 Rad8 17. b4 e5 18. b5 Ne7 19. Nf3 exd4 20. Nxd4 f4 21. Rc1 Bg6
22. Bb4 fxg3+ 23. fxg3 Rxf1 24. Qxf1 Nf5 25. Nxf5 Bxf5 26. Rd1 Qe6 27. Be7 Qxe7
28. Qxf5 Qxe3 29. Rxd5 Rf8 30. Qxg5 Qxg5 31. Rxg5 Rf2 32. Kg1 Rb2 33. Bxb7 Kf8
34. a4 Bd4+ 35. Kf1 Rf2+ 36. Ke1 Ra2 37. Rg8+ Ke7 38. g4 Rxa4 39. Ke2 Ra3 40.
h4 Rh3 41. h5 h6 42. Bf3 Rh2+ 43. Kd3 Bf6 44. Rg6 Bg5 45. Rg7+ Kd6 46. Rxa7 Kc5
47. Bc6 Rd2+ 48. Ke4 Rd4+ 49. Kf3 Rd3+ 50. Ke2 Rd2+ 51. Ke1 Rd4 52. Rc7 Kb6 53.
Rb7+ Kc5 54. Bf3 Rb4 55. Be2 Be3 56. Rc7+ Kd4 57. Rd7+ Ke5 58. Rf7 Kd6 59. Rf5
Rf4 60. Bf3 Rxf5 61. gxf5 Ke5 62. Ke2 Bb6 63. Bg4 Bd8 64. Kd3 Kf4 65. Bh3 Kg3
66. Ke4 Kxh3 67. Ke5 Kg4 68. f6 Kxh5 69. f7 Be7 70. Ke6 Bc5 71. b6 1-0

[Event "N� LL 2004/05"]
[Site "?"]
[Date "2005.02.20"]
[Round "8"]
[White "Mayer, Martin"]
[Black "Sadilek, Maximilian"]
[Result "0-1"]
[WhiteElo "2000"]
[BlackElo "2085"]
[Annotator "Stockerau : Krems"]
[PlyCount "77"]

1. d4 Nf6 2. Nf3 c5 3. e3 g6 4. c4 Bg7 5. Nc3 O-O 6. Bd3 d6 7. O-O Nbd7 8. d5
e6 9. dxe6 fxe6 10. Rb1 b6 11. Be4 Nxe4 12. Nxe4 Ne5 13. Nxe5 Bxe5 14. f4 Bb7
15. Ng5 Qe7 16. Qd3 Bg7 17. Bd2 d5 18. Nf3 Rad8 19. Bc3 d4 20. exd4 Rxf4 21.
Rbe1 Bxf3 22. Rxf3 Rxf3 23. Qxf3 cxd4 24. Bd2 e5 25. Qe4 Qc5 26. b3 Rf8 27. Qd3
Rf7 28. Rf1 Rxf1+ 29. Kxf1 Qf8+ 30. Ke2 Qf5 31. Qxf5 gxf5 32. h3 Kf7 33. g4 Ke6
34. Bc1 e4 35. Bg5 Ke5 36. Bc1 f4 37. Bd2 f3+ 38. Kf1 e3 39. Bc1 0-1

[Event "N� LL 2004/05"]
[Site "?"]
[Date "2005.02.20"]
[Round "8"]
[White "Schmid, Thomas"]
[Black "Walter, Martin"]
[Result "1-0"]
[WhiteElo "2152"]
[BlackElo "1992"]
[Annotator "Stockerau : Krems"]
[PlyCount "61"]

1. e4 c5 2. Nf3 Nc6 3. Bb5 d6 4. O-O Bd7 5. Re1 g6 6. c3 Bg7 7. h3 Nf6 8. d4
cxd4 9. cxd4 O-O 10. Nc3 Rc8 11. Bg5 h6 12. Bh4 a6 13. Bf1 Kh8 14. Re3 Nh7 15.
e5 g5 16. Bg3 f5 17. exf6 Nxf6 18. d5 Nb4 19. a3 Rxc3 20. Rxc3 Nbxd5 21. Rd3
Bc6 22. Nd4 Qd7 23. f3 Nh5 24. Bf2 Nhf4 25. Rd2 Qe8 26. Nxc6 bxc6 27. Rc1 e5
28. Qa4 e4 29. Qxe4 Qh5 30. Bd4 Nf6 31. Qxc6 1-0

[Event "N� LL 2004/05"]
[Site "?"]
[Date "2005.02.20"]
[Round "8"]
[White "Wukits, Rene"]
[Black "Vyskocil, Neclan"]
[Result "*"]
[WhiteElo "2244"]
[BlackElo "2305"]
[Annotator "Zwettl : Ternitz/Gloggnitz"]
[PlyCount "84"]

1. d4 Nf6 2. c4 e6 3. Nc3 Bb4 4. e3 O-O 5. Bd3 c5 6. Nf3 d5 7. O-O dxc4 8. Bxc4
Nbd7 9. a3 Ba5 10. Bd2 cxd4 11. exd4 a6 12. Qe2 b5 13. Ba2 Bb7 14. Rad1 Bxc3
15. Bxc3 Bd5 16. b3 Ne4 17. Bb4 Re8 18. Bb1 Ndf6 19. Ne5 a5 20. Bd2 Qb6 21. Qe3
Rec8 22. Rfe1 b4 23. axb4 axb4 24. Nd7 Nxd7 25. Bxe4 Bxe4 26. Qxe4 Nf6 27. Qd3
Rc6 28. Rc1 Rac8 29. Rxc6 Rxc6 30. Ra1 Rc8 31. Qc4 Rb8 32. h4 h6 33. Ra6 Qb7
34. Ra4 Nd5 35. Qd3 Ra8 36. Qg3 Rxa4 37. bxa4 b3 38. Bxh6 f5 39. Bxg7 b2 40.
Be5+ Kh7 41. Qg5 b1=Q+ 42. Kh2 Qf7 *

[Event "N� LL 2004/05"]
[Site "?"]
[Date "2005.02.20"]
[Round "8"]
[White "Braun, Karl Heinz"]
[Black "Zwettler, Martin"]
[Result "0-1"]
[WhiteElo "2096"]
[BlackElo "2183"]
[Annotator "Zwettl : Ternitz/Gloggnitz"]
[PlyCount "104"]

1. e4 c5 2. Nf3 g6 3. d4 cxd4 4. Qxd4 Nf6 5. e5 Nc6 6. Qc3 Nd5 7. Qd2 Nc7 8. b3
Bg7 9. Bb2 d6 10. Na3 Bg4 11. Nc4 Bxf3 12. exd6 Bxb2 13. Nxb2 Bg4 14. Qc3 O-O
15. dxc7 Qxc7 16. Bd3 Rac8 17. O-O Qf4 18. Nc4 Nd4 19. f3 Bf5 20. a4 Rfd8 21.
Rae1 Bxd3 22. cxd3 Nf5 23. Re4 Qc7 24. Rb1 e6 25. Rd1 Nd6 26. Ree1 Rd7 27. Qf6
Nxc4 28. bxc4 Rcd8 29. Qc3 Rd4 30. Re4 Rxe4 31. fxe4 e5 32. Rb1 Qc5+ 33. Kh1
Qe3 34. Qxe5 Qxd3 35. Rg1 Qxc4 36. Qe7 Qc8 37. Rf1 Qd7 38. Qf6 Re8 39. e5 Qe6
40. Qf3 Re7 41. Re1 Rc7 42. h3 h5 43. Qe3 b6 44. Qh6 Rc5 45. Qg5 Rc4 46. a5
bxa5 47. Qd8+ Kg7 48. Qxa5 a6 49. Ra1 Rc6 50. Rf1 Qc4 51. Ra1 Re6 52. Kh2 Qb5 {
Rest nicht lesbar, 1:0 im 59.Zug} 0-1

[Event "N� LL 2004/05"]
[Site "?"]
[Date "2005.02.20"]
[Round "8"]
[White "Vykydal, Frantisek"]
[Black "Degen, Gerhard"]
[Result "1/2-1/2"]
[WhiteElo "2246"]
[BlackElo "2097"]
[Annotator "Zwettl : Ternitz/Gloggnitz"]
[PlyCount "76"]

1. e4 c6 2. Nc3 d5 3. Nf3 Bg4 4. Be2 e6 5. Ne5 Bxe2 6. Qxe2 Be7 7. O-O Nf6 8.
d3 O-O 9. f4 Nbd7 10. Kh1 Qc7 11. Nxd7 Qxd7 12. Bd2 Rad8 13. e5 Ne8 14. Rf3 f5
15. Rh3 g6 16. g4 d4 17. Nd1 Qd5+ 18. Kg1 Ng7 19. g5 Ne8 20. Rg3 Kf7 21. h4 Ng7
22. Rh3 Nh5 23. Nf2 Rh8 24. Nh1 h6 25. Qh2 Ng7 26. Ng3 h5 27. Qe2 Qb5 28. Bc1
Rc8 29. Nf1 Qd5 30. Qg2 Rhd8 31. Rf3 c5 32. b3 b5 33. Nd2 Ne8 34. Rf2 Nc7 35.
Qxd5 Nxd5 36. Bb2 a6 37. a3 Ra8 38. Rc1 Rac8 1/2-1/2

[Event "N� LL 2004/05"]
[Site "?"]
[Date "2005.02.20"]
[Round "8"]
[White "Rumpl, Erwin"]
[Black "Weiss, Christian"]
[Result "0-1"]
[WhiteElo "2244"]
[BlackElo "2383"]
[Annotator "P�chlarn : Amstetten"]
[PlyCount "70"]

1. e4 c5 2. Nf3 e6 3. d4 cxd4 4. Nxd4 a6 5. Bd3 Nf6 6. O-O Qc7 7. Qe2 d6 8. c4
Nbd7 9. Nc3 g6 10. Be3 Bg7 11. Rac1 O-O 12. Rfd1 Ne5 13. f3 b6 14. b3 Bb7 15.
Na4 Nfd7 16. Bb1 Nc5 17. Nc3 Rac8 18. f4 Nc6 19. Nf3 Qb8 20. h4 b5 21. Bxc5
dxc5 22. e5 Nd4 23. Nxd4 cxd4 24. Ne4 Bxe4 25. Qxe4 bxc4 26. bxc4 Rfd8 27. Rxd4
Rxd4 28. Qxd4 Bf8 29. Kh2 Bc5 30. Qc3 Rd8 31. Be4 Rd4 32. Qf3 Qd8 33. Kh3 Qa5
34. Rc2 Qe1 35. Qe2 Rxe4 0-1